000 00633cab a2200253 4500
001 ABS60527
008 090401t1999 xxu||||| |||| 00| 0 eng d
035 _a(Sirsi) u92935
041 _aeng
100 _aHeighton, M.
245 _aBeat the competition fairly
260 _c1999
350 _a0
490 _aEstates Gazette
_v(9914) 10 April 1999, 137-139(2)
650 _aANTI-COMPETITIVE AGREEMENTS
650 _aANTI-COMPETITIVE PRACTICES
650 _aCOMPETITION ACT 1998
650 _aLAND AGREEMENTS
650 _aMONOPOLIES
690 _aLAW
700 _aSandry, V.
942 _n0
948 _c22/04/1999
999 _c58894
_d58894